| 000 | 00776nam a2200205Ia 4500 | ||
|---|---|---|---|
| 999 |
_c38266 _d38266 |
||
| 001 | 4256 | ||
| 003 | GE_BSU | ||
| 005 | 20191011114843.0 | ||
| 008 | 181216s1987||||ge |||||||||||||| ||geo|| | ||
| 040 | _cGE_BSU | ||
| 041 | _ageo | ||
| 080 | _a37.018.1 ბ–29 | ||
| 100 |
_aბასილაძე, ნოდარ _92673 |
||
| 245 |
_aოჯახი და ბავშვის აღრზდა : _cრედ. ზ. ფირცხალაიშვილი. |
||
| 264 |
_aბათუმი : _bსაბჭ. აჭარა, _c1987. |
||
| 300 |
_a88 გვ. ; _b20 სმ. |
||
| 653 | _aბავშვის აღზრდა ოჯახში | ||
| 700 |
_aფირცხალაიშვილი, ზ. _eრედაქტორი _93678 |
||
| 942 |
_cBK _2udc |
||